00512nam a2200157Ia 450000500170000000800410001704100080005808200130006610000310007924500440011026000370015430000090019165000240020099900190022495201110024320250729165757.0250729s2017 xx 000 0 und d aeng a510 RAMP aB.R.Ramachandraiah9232743 aPedagogy of School subject -Mathematics aMysorebVismaya Prakashanac2017 a191p aMathematics9232744 c239935d239935 00104070aALbALd2025-07-29g160.00l0o510 RAMPpBED05254r2025-07-29 16:57:57v160.00w2025-07-29yBK